000 00444nam a2200133Ia 4500
008 200928s9999 xx 000 0 und d
020 _a978-621-416-067-9
100 _aSuarez, Carlos
245 _cCarlos Suarez, Alexander Suarez.--
_aPointers in business law :
_bfor CPA reviewees /
250 _a2019 ed.
260 _aManila :
_bGIC Enterprises & Co., Inc.
_c1998
300 _a639 pages :
_billustrations ;
_c22 cm.
650 _aCommercial law
999 _c364522
_d364522